000 00643cam a22002172 4500
001 0000003410
005 20151217161132.0
008 070507s xx 000 0 eng d
020 _a0406913587 :
_cKES 1,460
040 _aKABU
_cKABU
050 0 _aKD313
_b.P46 2001
100 1 _aPenner, J. E.
_@0000153320
245 1 0 _aMozley & Whiteley's law dictionary /
_cJ. E. Penner.
250 _a12th ed.
260 _aLondon :
_bButterworths,
_c2001.
300 _a391 p.
650 0 _aLaw
_zGreat Britain.
_vDictionaries.
_@0000153321
908 _a070507
950 _@1
999 _c14940
_d14940